Technical Dictionary:Textile Industry: (Record no. 3660)
[ view plain ]
| 000 -LEADER | |
|---|---|
| fixed length control field | 01000nac a22002531u 4500 |
| 082 ## - DEWEY DECIMAL CLASSIFICATION NUMBER | |
| Classification number | 603 |
| Item number | SAB |
| 090 ## - LOCALLY ASSIGNED LC-TYPE CALL NUMBER (OCLC); LOCAL CALL NUMBER (OCLC) | |
| -- | 3660 |
| -- | 3660 |
| 100 ## - MAIN ENTRY--PERSONAL NAME | |
| Personal name | Sabrie, Abdul Munhem |
| 245 ## - TITLE STATEMENT | |
| Title | Technical Dictionary:Textile Industry: |
| Remainder of title | English-French-German-Arabic / |
| Statement of responsibility, etc | compiled by Abdul Munhem Sabrie & Rida Saleh Scharaf; revised by Anwar Abd-El-Wahed |
| 260 ## - PUBLICATION, DISTRIBUTION, ETC. (IMPRINT) | |
| Place of publication, distribution, etc | Leipzig; Cairo: |
| Name of publisher, distributor, etc | Al-Ahram, 1975 |
| Date of publication, distribution, etc | 1975. |
| 300 ## - PHYSICAL DESCRIPTION | |
| Extent | 264, 128 p.: |
| Other physical details | ill; |
| Dimensions | 19cm. |
| 440 ## - | |
| -- | al-maajim al Technolozhiya Al Takhasusiyah |
| 500 ## - GENERAL NOTE | |
| General note | Title In English, French, German and Arabic. |
| 500 ## - GENERAL NOTE | |
| General note | distributer: Al-Ahram |
| 511 ## - PARTICIPANT OR PERFORMER NOTE | |
| Participant or performer note | catalogued by: wessam |
| 650 ## - SUBJECT ADDED ENTRY--TOPICAL TERM | |
| Topical term or geographic name as entry element | Textile industry |
| General subdivision | Dictionaries |
| 650 ## - SUBJECT ADDED ENTRY--TOPICAL TERM | |
| Topical term or geographic name as entry element | Technology |
| Form subdivision | Dictionaries Arabic |
| 650 ## - SUBJECT ADDED ENTRY--TOPICAL TERM | |
| Topical term or geographic name as entry element | Technology |
| Form subdivision | Dictionaries German |
| 650 ## - SUBJECT ADDED ENTRY--TOPICAL TERM | |
| Topical term or geographic name as entry element | Technology |
| Form subdivision | Dictionaries French |
| 700 ## - ADDED ENTRY--PERSONAL NAME | |
| Personal name | Scharaf, Rida Saleh |
| 700 ## - ADDED ENTRY--PERSONAL NAME | |
| Personal name | Abd-El-Wahed, Anwar |
| 942 ## - ADDED ENTRY ELEMENTS (KOHA) | |
| Item type | NB - Book (Non borrowing) |
| Call number prefix | 603SAB |
| Withdrawn status | Item status | Source of classification or shelving scheme | Damaged status | Not for loan | Home library | Current library | Shelving location | Date acquired | Source of acquisition | Total Checkouts | Full call number | Barcode | Date last seen | Koha item type |
|---|---|---|---|---|---|---|---|---|---|---|---|---|---|---|
| Dewey Decimal Classification | Central Library | Central Library | First floor | 07/05/2006 | Purchase | 603SAB | 000039473 | 15/07/2025 | NB - Book (Non borrowing) | |||||
| Central Library | Central Library | First floor | 19/11/2007 | Purchase | 603SAB | 000007106 | 15/07/2025 | NB - Book (Non borrowing) |